[Event "ch-PER"]
[Site "Lima PER"]
[Date "2004.03.05"]
[Round "1.2"]
[White "Barreto Carreno,C"]
[Black "Garcia,Jh"]
[Result "1/2-1/2"]
[WhiteElo "2172"]
[BlackElo "2237"]

1.e4 c5 2.Nf3 Nc6 3.Bb5 g6 4.O-O Bg7 5.Re1 Nd4 6.Bf1 d6 7.Nxd4 cxd4 8.c3 e6
9.cxd4 Qb6 10.d5 Bd4 11.Qe2 exd5 12.Qb5+ Kf8 13.Qxb6 Bxb6 14.d3 Kg7 15.Nc3 dxe4
16.dxe4 Nf6 17.h3 Be6 18.Bf4 Rhd8 19.Rad1 Ne8 20.Bb5 Ba5 21.Bxe8 Rxe8 22.Rxd6 Bxc3
23.bxc3 Bxa2 24.Rd7 a5 25.Rxb7 Bd5 26.Rc7 Rxe4 27.Be5+ Kf8 28.Rxe4 Bxe4 29.c4 Bf5
30.c5 a4 31.Rb7 a3 32.Kh2 a2 33.Ba1 Rd8 34.c6 Ke8 35.Bf6 Rc8 36.c7 Kd7 37.Ra7 Be6
38.Be5 Bc4 39.Kg3  1/2-1/2

[Event "FSGM March"]
[Site "Budapest HUN"]
[Date "2004.03.06"]
[Round "1"]
[White "Drabke,L"]
[Black "Pataki,G"]
[Result "1/2-1/2"]
[WhiteElo "2439"]
[BlackElo "2374"]

1.e4 c5 2.Nf3 Nc6 3.Bb5 e6 4.Bxc6 bxc6 5.d3 Qc7 6.O-O e5 7.Nh4 Qd8 8.Nf5 g6
9.Ne3 d6 10.f4 exf4 11.Rxf4 Bh6 12.Rf2 Ne7 13.Nd5 Bg7 14.Nf6+ Kf8 15.Qf3 Be6
16.Bd2 Ng8 17.Nxg8 Kxg8 18.Bc3 Qe7 19.Qf4 Rd8 20.Bxg7 Kxg7 21.Nc3 f6 22.Raf1 Rhf8
23.Qh4 Rf7 24.a3 Rb8 25.Nd1 Rbf8 26.Ne3 Qb7 27.c3 Qb8 28.h3 Qb5 29.Qg3 Qb8
30.b4 cxb4 31.axb4 d5 32.Qf3 d4 33.cxd4 Qxb4 34.Rc1 Qxd4 35.Rxc6 Qd7 36.Rc5 Qd4
37.Rc6 Qd7 38.Rc5 Qd4 39.Rc6  1/2-1/2

[Event "ch-TUR"]
[Site "Kusadasi TUR"]
[Date "2004.03.06"]
[Round "10"]
[White "Yilmaz,T"]
[Black "Haznedaroglu,K"]
[Result "1-0"]
[WhiteElo "2311"]
[BlackElo "2360"]

1.e4 c5 2.Nf3 Nc6 3.Bb5 g6 4.Bxc6 dxc6 5.h3 Bg7 6.d3 e5 7.Be3 Qe7 8.Nbd2 Nf6
9.a4 O-O 10.a5 Rd8 11.Qc1 Nd7 12.Nb3 Rb8 13.O-O b6 14.Nh2 f6 15.f4 exf4 16.Bxf4 Ne5
17.Nf3 Nxf3+ 18.Rxf3 Rb7 19.axb6 axb6 20.Nd2 Be6 21.Ra6 Qd7 22.b3 f5 23.exf5 Bd5
24.Rf1 Bd4+ 25.Kh2 Qxf5 26.Bg3 Qh5 27.Qd1 Qg5 28.Nf3 Qe7 29.Nxd4 cxd4 30.Qg4 c5
31.Re1 Qd7 32.Qg5 Rf8 33.Re5 Bc6 34.Ra1 Qf7 35.Rae1 Rd7 36.Re6 Rd5 37.Qd2 Rc8
38.Qe2 Rf5 39.Qg4 b5 40.Re7 Qd5 41.Bc7 Rcf8 42.h4 R8f7 43.R1e5 Rxe7 44.Rxe7 Rf2
45.Qc8+ Rf8 46.Qe6+ Qxe6 47.Rxe6 Ba8 48.Bd6 Rc8 49.Re7 Bc6 50.Bxc5 Bxg2 51.b4 Bf3
52.Re1 Bg4 53.Kg3 Bf5 54.Re7 Ra8 55.Bxd4 Ra4 56.Bc5 Ra2 57.Re2 Kf7 58.Kf4 Kf6
59.Ke3 h6 60.Kd4 g5 61.Be7+ Kg6 62.hxg5 hxg5 63.Bd6 g4 64.Kc5 Kg5 65.Kd4 Kg6
66.Kc3 Kf7 67.Re5 Kf6 68.Rxb5 Ra3+ 69.Kd2 Ra6 70.Bf4 Ra8 71.Rb8 Ra1 72.Rf8+ Ke6
73.Re8+ Kf7 74.Re1 Ra4 75.Kc3 Ra3+ 76.Kb2 Ra7 77.Re3 Be6 78.c4 Kf6 79.b5 Bf5
80.b6 Ra6 81.Bc7 Bc8 82.Re8 Ra8 83.Rxc8 Rxc8 84.b7 Rxc7 85.b8=Q  1-0

[Event "FSGM March"]
[Site "Budapest HUN"]
[Date "2004.03.09"]
[Round "4"]
[White "Krivoborodov,E"]
[Black "Paschall,W"]
[Result "1/2-1/2"]
[WhiteElo "2329"]
[BlackElo "2401"]

1.e4 c5 2.Nf3 Nc6 3.Bb5 d6 4.O-O Bd7 5.Re1 Nf6 6.c3 a6 7.Bf1 Bg4 8.d3 e6
9.Bg5 Be7 10.Nbd2 O-O 11.Qb3 Re8 12.d4 cxd4 13.cxd4 Bxf3 14.Nxf3 d5 15.e5 Ne4
16.Bxe7 Qxe7 17.h4 f5 18.exf6 gxf6 19.Qe3 Kh8 20.a3 Rg8 21.b4 Qd6 22.Bd3 Rg4
23.Bxe4 dxe4 24.Nh2 Rxh4 25.Qg3 Rf4 26.Rxe4 Nxd4 27.Kh1 e5 28.Rxf4 Ne2 29.Qf3 Nxf4
30.g3 Nd3 31.Ng4 f5 32.Rd1 Qg6 33.Qxd3 Qxg4 34.Qd6 Qg7 35.Qe6  1/2-1/2

[Event "TCh-SWE 2003-4"]
[Site "Goteborg SWE"]
[Date "2004.03.12"]
[Round "9"]
[White "Schneider,LA"]
[Black "Ivanov,Se1"]
[Result "0-1"]
[WhiteElo "2385"]
[BlackElo "2544"]

1.e4 c5 2.Nf3 Nc6 3.Bb5 d6 4.O-O Bd7 5.Re1 Nf6 6.c3 a6 7.Bf1 Bg4 8.h3 Bh5
9.d3 e6 10.Nbd2 Be7 11.Qc2 d5 12.Nh2 Qc7 13.Ndf3 O-O 14.e5 Nd7 15.Bf4 Bg6
16.Qd2 d4 17.c4 b5 18.Rac1 bxc4 19.Rxc4 Qa5 20.a3 Qxd2 21.Nxd2 Rab8 22.Rc2 Rb5
23.Nhf3 Na5 24.Rec1 h6 25.b4 cxb4 26.Nxd4 Rd5 27.N2f3 b3 28.Nc6 Bxa3  0-1

[Event "TCh-CZE Extraliga 2003-4"]
[Site "Czech Rep CZE"]
[Date "2004.03.20"]
[Round "8"]
[White "Vesselovsky,S"]
[Black "Michalek,J"]
[Result "1-0"]
[WhiteElo "2409"]
[BlackElo "2396"]

1.e4 c5 2.Nf3 Nc6 3.Bb5 e6 4.O-O Nge7 5.Nc3 Nd4 6.Nxd4 cxd4 7.Ne2 a6 8.Bc4 d5
9.exd5 Nxd5 10.d3 Bc5 11.Nf4 Nxf4 12.Bxf4 Bd7 13.Qh5 Be7 14.Be5 Bf6 15.Rae1 g6
16.Qg4 Bxe5 17.Rxe5 Qb6 18.Rfe1 O-O-O 19.Qf4 Rhf8 20.b4 Qxb4 21.Qxd4 Bc6
22.Bxe6+  1-0

[Event "TCh-CZE Extraliga 2003-4"]
[Site "Czech Rep CZE"]
[Date "2004.03.21"]
[Round "9"]
[White "Nedela,V"]
[Black "Stehno,P"]
[Result "1/2-1/2"]
[WhiteElo "2378"]
[BlackElo "2301"]

1.e4 c5 2.Nf3 Nc6 3.Bb5 d6 4.c3 Bd7 5.O-O a6 6.Ba4 c4 7.Qe2 Nf6 8.Bc2 b5
9.b3 cxb3 10.axb3 Bg4 11.h3 Bxf3 12.Qxf3 g6 13.d4 Qc8 14.Re1 Nd7 15.Ra2 Bg7
16.d5 Nd8 17.Bg5 Ra7 18.Qg3 Rc7 19.Bd2 O-O 20.f4 e6 21.dxe6 Nxe6 22.Rd1 Nd4
23.Qe3 Nxc2 24.Rxc2 Re8 25.Be1 Nc5 26.Nd2 Rce7 27.Bh4 Re6 28.Qf3 Nxe4 29.Nxe4 Rxe4
30.Rd3 Qe6 31.b4 Re3 32.Rxe3 Qxe3+ 33.Qxe3 Rxe3 34.c4 Bd4 35.Kf1 Rc3 36.Ra2 Rxc4
37.Rxa6 Bc3 38.Bg5 Kg7 39.Rxd6 h6 40.Bd8 Rxf4+ 41.Ke2 Rxb4 42.Kf3 Be5 43.Rd5 Bf6
44.Bb6 Rb3+ 45.Ke2 Rb2+ 46.Kf3 b4 47.Rd6 Rc2 48.Be3 b3 49.Bxh6+ Kxh6 50.Rxf6 Rc1
51.Rb6 Rb1 52.Kg4 Rb2 53.Kg3 Kg5 54.Rb7 Kf6 55.h4 Rb1 56.Kg4 b2 57.Rb5 Ke6
58.Kg3 Kf6 59.Kg4 Kg7 60.Rb6 Kh6 61.Rb8 f5+ 62.Kg3 f4+ 63.Kf2 Kh5 64.g3 fxg3+
65.Kxg3 g5 66.Kg2 Kxh4 67.Rb4+ Kh5 68.Rb5 Kh6 69.Rb6+ Kg7 70.Rb7+ Kf6 71.Rb5 Ke6
72.Rb6+ Kd5 73.Rb5+ Kd4 74.Rb8  1/2-1/2

[Event "14th Asian Cities"]
[Site "Tagaytay City PHI"]
[Date "2004.03.21"]
[Round "1"]
[White "Al Sulaiti,G"]
[Black "Mallahi,A"]
[Result "0-1"]
[WhiteElo "2065"]
[BlackElo "2378"]

1.e4 c5 2.Nf3 Nc6 3.Bb5 g6 4.Bxc6 bxc6 5.O-O Bg7 6.Re1 e5 7.d3 d6 8.a3 Ne7
9.b4 cxb4 10.axb4 O-O 11.Be3 f5 12.Bg5 h6 13.Bxe7 Qxe7 14.Ra3 Be6 15.Nfd2 Rf7
16.Qe2 d5 17.Ra6 Qb7 18.Ra4 Qb6 19.d4 fxe4 20.Ra6 Qb7 21.b5 Bd7 22.dxe5 Bxe5
23.c4 Bd4  0-1

[Event "14th Asian Cities"]
[Site "Tagaytay City PHI"]
[Date "2004.03.22"]
[Round "3"]
[White "Mari Arul,S"]
[Black "Abdul Moula,S"]
[Result "1-0"]
[WhiteElo "2322"]
[BlackElo "2196"]

1.e4 c5 2.Nf3 Nc6 3.Bb5 g6 4.Bxc6 dxc6 5.d3 Bg7 6.h3 e5 7.Be3 b6 8.Qd2 f6
9.Nc3 Be6 10.a3 Ne7 11.b4 cxb4 12.axb4 O-O 13.O-O Qd7 14.Rfd1 Rad8 15.Bh6 Nc8
16.Bxg7 Qxg7 17.Qe3 g5 18.d4 g4 19.hxg4 Bxg4 20.Ne2 Kh8 21.dxe5 Rxd1+ 22.Rxd1 fxe5
23.Nh2 Rg8 24.f3 Be6 25.g4 Qg5 26.Qc3 Ne7 27.Rd6 Bc8 28.f4 Qg7 29.f5 Rf8
30.Ng3 Ng8 31.Nh5 Qe7 32.Rxc6 Bd7 33.Rc7 Re8 34.Nf3 Qd6 35.Rxd7 Qxd7 36.Nxe5 Qd1+
37.Kf2  1-0

[Event "Amber Blindfold"]
[Site "Monte Carlo MNC"]
[Date "2004.03.25"]
[Round "5"]
[White "Svidler,P"]
[Black "Van Wely,L"]
[Result "1/2-1/2"]
[WhiteElo "2747"]
[BlackElo "2617"]

1.e4 c5 2.Nf3 Nc6 3.Bb5 g6 4.O-O Bg7 5.c3 Nf6 6.Qe2 O-O 7.d4 cxd4 8.cxd4 d5
9.e5 Ne4 10.Be3 f6 11.exf6 exf6 12.Nc3 Nxc3 13.bxc3 Be6 14.Rab1 Qd7 15.Ne1 a6
16.Ba4 Bf5 17.Nd3 Nxd4 18.Bxd4 Qxa4 19.Nc5 Qc4 20.Qxc4 dxc4 21.Rxb7 Rfb8
22.Rxb8+ Rxb8 23.Nxa6 Ra8 24.Nb4 Bf8 25.Nd5 Kf7 26.Ra1 Ra3 27.h3 h5 28.f3 h4
29.Nxf6 Bg7 30.Ne4 Bxd4+ 31.cxd4 Bxe4 32.fxe4 Rd3 33.d5 Re3 34.a4 Rxe4 35.a5 c3
36.a6 c2 37.Rc1 Ra4 38.Rxc2 Rxa6 39.Kf2 Ra3 40.Rd2 Ke7 41.d6+ Kd7 42.Rd4 Ra2+
43.Kf3 g5 44.Rd5 Ra3+ 45.Ke4 Rg3 46.Rd2 g4 47.hxg4 Rxg4+ 48.Kf3 Rg3+ 49.Kf2 Ra3
50.Rd4 h3 51.g4 Rb3 52.Rd1 Ra3 53.g5 Ra2+  1/2-1/2

[Event "Amber Blindfold"]
[Site "Monte Carlo MNC"]
[Date "2004.03.30"]
[Round "9"]
[White "Svidler,P"]
[Black "Leko,P"]
[Result "1/2-1/2"]
[WhiteElo "2747"]
[BlackElo "2722"]

1.e4 c5 2.Nf3 Nc6 3.Bb5 g6 4.O-O Bg7 5.c3 Nf6 6.Qe2 O-O 7.d4 d5 8.e5 Ne4
9.Be3 cxd4 10.cxd4 Bd7 11.Bd3 Rc8 12.Nbd2 Nxd2 13.Qxd2 Qa5 14.a3 Qxd2 15.Nxd2 f6
16.exf6 exf6 17.Nb3 Ne7 18.Rac1 Bf5 19.Bb5 Rxc1 20.Rxc1 Rc8 21.Rxc8+ Bxc8
22.Nc5 Kf7 23.Kf1 Nf5 24.Ke2  1/2-1/2

[Event "IV Open"]
[Site "Dos Hermanas ESP"]
[Date "2004.03.31"]
[Round "7"]
[White "Madina,M"]
[Black "Franco Ocampos,Z"]
[Result "0-1"]
[WhiteElo "2262"]
[BlackElo "2524"]

1.e4 c5 2.Nf3 Nc6 3.Bb5 e6 4.O-O Nge7 5.Re1 a6 6.Bf1 d5 7.d3 g6 8.Qe2 Bg7
9.e5 h6 10.h4 Nf5 11.g3 g5 12.hxg5 Nfd4 13.Nxd4 Nxd4 14.Qd1 hxg5 15.c3 Nc6
16.f4 Bd7 17.Na3 Qe7 18.Nc2 O-O-O 19.d4 gxf4 20.Bxf4 Bh6 21.Qd2 Rdg8 22.Qe3 Bxf4
23.Qxf4 Rh4 24.Qf2 Rhg4 25.Re3 Qh4 26.Kg2 Rh8 27.Qg1 Ne7 28.Kf2 Qh2+ 29.Qxh2 Rxh2+
30.Kf3 Rg5 31.Re2 Rh1 32.Ne3 Bb5 33.Rf2 Nf5 34.Nxf5 Rxf5+ 35.Kg2 Rh2+ 36.Kxh2 Rxf2+
37.Kg1 Rxb2 38.Bxb5 axb5 39.dxc5 Kd7 40.a4 bxa4 41.Rxa4 Rc2  0-1

[Event "It"]
[Site "Pinamar ARG"]
[Date "2004.03.31"]
[Round "8"]
[White "Ricardi,P"]
[Black "Marques,V"]
[Result "1/2-1/2"]
[WhiteElo "2540"]
[BlackElo "2403"]

1.e4 c5 2.Nf3 Nc6 3.Bb5 g6 4.O-O Bg7 5.Re1 Nf6 6.e5 Nd5 7.Nc3 Nc7 8.Bc4 O-O
9.d3 b6 10.Bg5 Bb7 11.Qd2 Ne6 12.Bh6 Ncd4 13.Nxd4 Nxd4 14.Bd5 Bxd5 15.Nxd5 Nf5
16.Bg5 h6 17.Bf4 e6 18.Ne3 g5 19.Bg3 Nxg3 20.hxg3 Bxe5 21.c3 Bg7  1/2-1/2

[Event "TCh-FRA Nat1 GpB"]
[Site "Montpellier FRA"]
[Date "2004.04.01"]
[Round "4"]
[White "Guadalpi,D"]
[Black "Degraeve,JM"]
[Result "1/2-1/2"]
[WhiteElo "2274"]
[BlackElo "2566"]

1.e4 c5 2.Nf3 Nc6 3.Bb5 e6 4.Bxc6 bxc6 5.d3 Ne7 6.Qe2 Ng6 7.h4 Qc7 8.g3 h5
9.Nbd2 e5 10.Nc4 Be7 11.Bd2 d6 12.Ne3 Rb8 13.b3 Bf6 14.Ng5 Bd8 15.O-O-O f6
16.Nh3 Nf8 17.f4 Ne6 18.c3 g6 19.f5 gxf5 20.exf5 Ng7 21.Rhf1 a5 22.Kc2 a4
23.g4 axb3+ 24.axb3 hxg4 25.Qxg4 Qf7 26.Rb1 Kf8 27.Rg1 Rb7 28.Qf3 d5 29.Rg4 Ra7
30.Kb2 Qb7 31.Nf2 Qa8 32.Kc2 Bd7 33.Rg6 Ra2+ 34.Rb2 Ne8 35.Nfg4 Rxb2+ 36.Kxb2 Qa6
37.c4 Rxh4 38.Nh6 Ba5 39.Nxd5 cxd5 40.Qxd5 Rxh6 41.Qxc5+ Kf7 42.Bxh6 Bxf5
43.Rg2 Bd7 44.Be3 Qb7 45.Rh2 Bb4 46.Qa7 Qxa7 47.Bxa7 f5 48.Kc2 f4 49.Bb8  1/2-1/2

[Event "TCh-FRA Nat1 GpB"]
[Site "Montpellier FRA"]
[Date "2004.04.01"]
[Round "4"]
[White "Gozzoli,Y"]
[Black "Buchy,D"]
[Result "1-0"]
[WhiteElo "2430"]
[BlackElo "2191"]

1.e4 c5 2.Nf3 Nc6 3.Bb5 g6 4.O-O Bg7 5.c3 Nf6 6.Qa4 a6 7.Re1 Rb8 8.Bxc6 dxc6
9.d4 cxd4 10.cxd4 O-O 11.Bf4 Ra8 12.Nbd2 Nh5 13.Be3 Qc7 14.Rac1 Nf4 15.Qa3 Qb8
16.Nc4 b5 17.Nce5 b4 18.Qb3 Be6 19.Qd1 f6 20.Nxc6 Qc7 21.d5 Nxg2 22.Kxg2 Bg4
23.Qb3 Qd7 24.Bd4 Bh3+ 25.Kh1 Qg4 26.Rg1 Qxe4 27.Rce1 Qf4 28.Rg3 Bg4 29.Qe3 Bxf3+
30.Rxf3 Qh4 31.Nxe7+ Kh8 32.Nxg6+  1-0

[Event "ch-ISL"]
[Site "Reykjavik ISL"]
[Date "2004.04.02"]
[Round "1.2"]
[White "Sigfusson,S"]
[Black "Stefansson,H"]
[Result "0-1"]
[WhiteElo "2285"]
[BlackElo "2572"]

1.e4 c5 2.Nf3 Nc6 3.Bb5 e6 4.Nc3 Nge7 5.O-O a6 6.Bxc6 Nxc6 7.d4 cxd4 8.Nxd4 d6
9.Be3 Be7 10.f4 O-O 11.Qf3 Bd7 12.Rad1 Rc8 13.Qf2 b5 14.Ndxb5 axb5 15.Bb6 Qe8
16.Nxb5 d5 17.exd5 Nb4 18.Nc7 Rxc7 19.Bxc7 Nxd5 20.Be5 f6 21.Bd4 Bb5 22.Rfe1 Qc6
23.a4 Ba6 24.Qf3 Qxc2 25.f5 Bb4 26.fxe6 Bxe1 27.Rxe1 Ne7 28.b4 Qxa4 29.Bc5 Re8
30.Qh5 Ng6  0-1

[Event "10th Schloss Open"]
[Site "Werther GER"]
[Date "2004.04.02"]
[Round "1"]
[White "Baklan,V"]
[Black "Grosselohmann,G"]
[Result "1-0"]
[WhiteElo "2606"]
[BlackElo "2160"]

1.e4 c5 2.Nf3 Nc6 3.Bb5 g6 4.O-O Bg7 5.c3 e5 6.d4 cxd4 7.cxd4 exd4 8.Bf4 Nge7
9.Bd6 O-O 10.Na3 Re8 11.Bc4 a6 12.Bxf7+ Kxf7 13.Qb3+ Kf6 14.e5+ Kf5 15.Qf7+ Kg4
16.h3+  1-0

[Event "FSGM April"]
[Site "Budapest HUN"]
[Date "2004.04.03"]
[Round "1"]
[White "Breder,D"]
[Black "Czebe,A"]
[Result "1-0"]
[WhiteElo "2473"]
[BlackElo "2487"]

1.e4 c5 2.Nf3 Nc6 3.Bb5 e6 4.Bxc6 bxc6 5.d3 Ne7 6.Qe2 Ng6 7.h4 Be7 8.h5 Nf8
9.e5 f6 10.Nc3 Rb8 11.Ne4 fxe5 12.Nxe5 Qc7 13.Bf4 d5 14.Ng6 Qa5+ 15.Qd2 Qxd2+
16.Nxd2 Rb4 17.Nxe7 Kxe7 18.Be5 Rg8 19.f4 Nd7 20.a3 Ra4 21.b3 Nxe5 22.bxa4 Ng4
23.Nf3 Rf8 24.g3 Ba6 25.Rb1 Kd6 26.Rh4 Ne3 27.Kd2 Nf5 28.Rh3 c4 29.d4 c5
30.c3 cxd4 31.Nxd4 Nh6 32.Rhh1 Ng4 33.Rhe1 e5 34.fxe5+ Nxe5 35.Rxe5 Kxe5
36.Re1+ Kf6 37.Re6+ Kg5 38.Rxa6 Rf7 39.Nb5 d4 40.cxd4 Kxh5 41.Rxa7 Rf2+ 42.Ke3  1-0

[Event "10th Schloss Open"]
[Site "Werther GER"]
[Date "2004.04.03"]
[Round "2"]
[White "Kasparov,S"]
[Black "Struk,J"]
[Result "1/2-1/2"]
[WhiteElo "2486"]
[BlackElo "2219"]

1.e4 c5 2.Nf3 Nc6 3.Bb5 g6 4.Bxc6 dxc6 5.d3 Bg7 6.h3 b6 7.O-O Nf6 8.Nbd2 O-O
9.a4 a5 10.Qe2 Ne8 11.Nc4 Nd6 12.Nxd6 exd6 13.Bg5 f6 14.Bd2 Ra7 15.Rae1 Re7
16.Qd1 Rfe8 17.b3 Ba6 18.Bc3 d5 19.exd5 cxd5 20.Rxe7 Rxe7 21.Re1 d4 22.Bd2 Bb7
23.Kf1 Kf7 24.Rxe7+ Qxe7 25.Qe2 Qd6 26.h4 h5 27.Kg1 Bf8 28.Bc1 Qd7 29.Bf4 Bd6
30.Bxd6 Qxd6 31.Nd2 Bd5 32.Nc4 Qc6 33.Qd2 Bxc4 34.dxc4 Qe4 35.g3 Ke6 36.Kf1 Kf5
37.Kg1 Kg4 38.Qd1+ Kf5 39.Kh2 Ke6 40.Qd2 Kf5 41.Qd1 Ke6 42.Qd3 f5 43.Qd2 Kf7
44.Kg1 Ke6 45.Kh2 Kf7 46.Kg1 Ke6 47.Kh2 Kf7  1/2-1/2

[Event "FSGM April"]
[Site "Budapest HUN"]
[Date "2004.04.04"]
[Round "2"]
[White "Czebe,A"]
[Black "Pataki,G"]
[Result "1/2-1/2"]
[WhiteElo "2487"]
[BlackElo "2374"]

1.e4 c5 2.Nf3 Nc6 3.Bb5 d6 4.O-O Bd7 5.Re1 a6 6.Bf1 Bg4 7.h3 Bxf3 8.Qxf3 Nf6
9.c3 e6 10.a3 Be7 11.b4 O-O 12.d3 d5 13.exd5 Qxd5 14.Qxd5 Nxd5 15.bxc5 Bxc5
16.d4 Ba7 17.Bb2 Rac8 18.Nd2 b5 19.Nb3 Rc7 20.a4 b4 21.cxb4 Ncxb4 22.Rab1 Rb8
23.Nc5 Bxc5 24.dxc5 Rxc5 25.Be5 Rd8 26.Rec1 Rcc8 27.a5 f6 28.Bd4 Rc6 29.Rxc6 Nxc6
30.Bb6 Rb8 31.Rc1 Ncb4 32.Ba7 Ra8 33.Bd4 Kf7 34.Rc5 Ke7 35.f4 Kd7 36.g3 Rc8
37.Rxc8 Kxc8 38.Kf2 Kb7 39.h4 Nc6 40.Bc5 Nxa5 41.f5 exf5 42.h5 Nc6 43.Bg2 Nc7
44.Ba3 Kb6 45.Bf1 Ne5 46.Be2 Nd5 47.Bd1 Kb5 48.Be2+ Kb6 49.Bd1 a5 50.Bf8 g6
51.Bb3 Kc6 52.Ba4+ Kc7 53.Bb3 Nb6 54.h6 Nbd7 55.Bg7 Ng4+ 56.Ke2  1/2-1/2

[Event "FSGM April"]
[Site "Budapest HUN"]
[Date "2004.04.05"]
[Round "3"]
[White "Breder,D"]
[Black "Paschall,W"]
[Result "0-1"]
[WhiteElo "2473"]
[BlackElo "2401"]

1.e4 c5 2.Nf3 Nc6 3.Bb5 d6 4.Bxc6+ bxc6 5.O-O e5 6.c3 Nf6 7.Re1 Be7 8.d4 cxd4
9.cxd4 exd4 10.Nxd4 Bd7 11.Nc3 O-O 12.Bf4 Re8 13.Qd2 Qb6 14.Nde2 Ng4 15.Ng3 Rad8
16.h3 Ne5 17.b3 Bxh3 18.Be3 Qa5 19.f4 Bh4 20.Kh2 Bg4 21.fxe5 Qxe5 22.Bf4 Qf6
23.Rf1 g5 24.Be3 Qh6 25.Rh1 d5 26.exd5 f5 27.Nxf5 Bxf5 28.g3 Be4 29.Nxe4 Rxe4
30.Kg2 Qf6 31.Rhe1 Rxd5 32.Qf2 Rf5 33.Qc2  0-1

[Event "Open ch-NOR"]
[Site "Oslo NOR"]
[Date "2004.04.06"]
[Round "4"]
[White "Howell,D"]
[Black "Kolas,T"]
[Result "1-0"]
[WhiteElo "2332"]
[BlackElo "2171"]

1.e4 c5 2.Nf3 Nc6 3.Bb5 g6 4.Bxc6 dxc6 5.d3 Bg7 6.h3 Nf6 7.Nc3 O-O 8.Be3 b6
9.Qd2 e5 10.O-O Qd6 11.a3 Nh5 12.b4 cxb4 13.axb4 Qxb4 14.Rfb1 Qe7 15.Bxb6 Bxh3
16.Be3 Bg4 17.Nh2 Be6 18.Ra5 Rfb8 19.Rxb8+ Rxb8 20.Rxa7 Qb4 21.Ra1 Rc8 22.Nf1 c5
23.Rb1 Qa3 24.Nb5 Qa2 25.Qc1 Qa6 26.c4 Rd8 27.Nc7 Qd6 28.Nd5 Rc8 29.Rb6 Qd8
30.Bg5 Bf6 31.Nxf6+ Nxf6 32.Qb2 Kg7 33.Qxe5 h6 34.Rb7 hxg5 35.Qxe6 Rc7 36.Qb6 Rd7
37.Qxd8 Rxd8 38.Rb3 Rd4 39.Ne3 Nd7 40.Kf1 Ne5 41.Ke2 g4 42.f4 gxf3+ 43.gxf3 Nc6
44.Nc2 Rd8 45.Rb5 Rc8 46.Ke3 Ne5 47.f4 Nd7 48.Na1 Kf6 49.Nb3 Ke7 50.Ra5 f6
51.Nc1 Rh8 52.Ne2 Rh3+ 53.Kd2 Rh2 54.Ra1 Nf8 55.Rg1 Ne6 56.Ke3 Kf7 57.f5 gxf5
58.exf5 Ng5 59.Nf4 Ke7 60.Ra1 Kd6 61.Ra6+ Ke5 62.Rc6 Kxf5 63.Rxc5+ Kg4 64.Nd5 Rh3+
65.Kd2 Rh2+ 66.Kc3 Rf2 67.Ra5 Rf3 68.c5 f5 69.c6 Nf7 70.Nf6+ Kf4 71.c7 Nd6
72.Rd5 Nc8 73.Rd8  1-0

[Event "Open ch-NOR"]
[Site "Oslo NOR"]
[Date "2004.04.07"]
[Round "5"]
[White "Howell,D"]
[Black "Svendsen,B"]
[Result "1-0"]
[WhiteElo "2332"]
[BlackElo "2135"]

1.e4 c5 2.Nf3 Nc6 3.Bb5 g6 4.Bxc6 dxc6 5.d3 Bg7 6.h3 e5 7.Nc3 Qe7 8.Be3 Nf6
9.Qd2 Nd7 10.Bh6 f6 11.Bxg7 Qxg7 12.O-O O-O 13.Nh2 Qe7 14.Ng4 h5 15.Ne3 Kg7
16.Ne2 Rf7 17.a3 Nf8 18.f4 exf4 19.Nxf4 Qe5 20.c3 Kh7 21.b4 Ne6 22.Nc4 Qc7
23.Qe3 Nxf4 24.Qxf4 Qxf4 25.Rxf4 cxb4 26.axb4 Be6 27.Nd2 b6 28.Kf2 Rd8 29.Ke2 Kg7
30.Ra3 Rfd7 31.c4 Bf7 32.Rf1 Re7 33.Kd1 b5 34.cxb5 cxb5 35.Kc2 Rd4 36.Rb1 f5
37.exf5 gxf5 38.Nf3 Rd8 39.Re1 Rxe1 40.Nxe1 Re8 41.Kd2 Re7 42.Nf3 Be8 43.g3 Rc7
44.Ke3 Bd7 45.Kf4 Bc8 46.Nd4 Kf6 47.Nxb5 Rb7 48.Ra6+ Be6 49.Nd4  1-0

[Event "Asian U18g"]
[Site "Tehran IRI"]
[Date "2004.04.07"]
[Round "6"]
[White "Kuznetsova,O UZB"]
[Black "Harika,D"]
[Result "1/2-1/2"]
[WhiteElo "2024"]
[BlackElo "2368"]

1.e4 c5 2.Nf3 Nc6 3.Bb5 g6 4.O-O Bg7 5.c3 Nf6 6.Qe2 O-O 7.d4 cxd4 8.cxd4 d5
9.e5 Ne4 10.Bxc6 bxc6 11.Ne1 Qb6 12.Qe3 Ba6 13.Nd3 f6 14.Nc3 fxe5 15.Nxe4 dxe4
16.Qxe4 Qxd4 17.Qxd4 exd4 18.Rd1 Bxd3 19.Rxd3 e5 20.f3 c5 21.b3 Rfc8 22.Bd2 c4
23.bxc4 Rxc4 24.Rb1 Rc2 25.a3 Rac8 26.Rb7 R8c7 27.Rb8+ Kf7 28.Kf1 Ra2 29.Ke1  1/2-1/2

[Event "FSGM April"]
[Site "Budapest HUN"]
[Date "2004.04.08"]
[Round "6"]
[White "Vajda,Al1"]
[Black "Czebe,A"]
[Result "0-1"]
[WhiteElo "2427"]
[BlackElo "2487"]

1.e4 c5 2.Nf3 Nc6 3.Bb5 d6 4.Bxc6+ bxc6 5.O-O e5 6.c3 f5 7.Qa4 Nf6 8.exf5 Be7
9.d4 e4 10.Ng5 Bxf5 11.f3 Qd7 12.fxe4 Nxe4 13.Nxe4 Bxe4 14.dxc5 d5 15.Be3 Bf6
16.Nd2 Bd3 17.Rf2 O-O 18.Nf3 Rae8 19.Bd4 Re4 20.Qd1 Bxd4 21.cxd4 Qf5 22.Rd2 Ba6
23.Qc2 Qh5 24.Rf2 Ref4 25.Re1 Bc8 26.Re5 Bf5 27.Qd2 Qg4 28.h3 Qg3 29.Nh2 Rxf2
30.Qxf2 Qg6 31.Re3 Be4 32.Qd2 h5 33.Re2 Bxg2 34.Rxg2 Qb1+ 35.Nf1 Rxf1+ 36.Kh2 Rh1+
37.Kg3 Qg6+ 38.Kf2 Qf5+  0-1

[Event "8th Neckar Open"]
[Site "Deizisau GER"]
[Date "2004.04.08"]
[Round "1"]
[White "Kasimdzhanov,R"]
[Black "Postojev,A"]
[Result "1-0"]
[WhiteElo "2652"]
[BlackElo "2137"]

1.e4 c5 2.Nf3 Nc6 3.Bb5 g6 4.O-O Bg7 5.Re1 e5 6.Bxc6 dxc6 7.d3 Ne7 8.Be3 b6
9.Nbd2 O-O 10.a3 a5 11.Nc4 Qc7 12.b4 axb4 13.axb4 Rxa1 14.Qxa1 b5 15.Qa5 Qxa5
16.Nxa5 cxb4 17.Bc5 Re8 18.Bxb4 Bd7 19.Nb7 Nc8 20.Bc5 Bf8 21.Ra1 Bg4 22.Nd2 Bxc5
23.Nxc5 Nb6 24.f3 Nd7 25.Ndb3 Be6 26.Nxd7 Bxd7 27.Nc5 Rd8 28.Ra7 Be8 29.Kf2 Rd4
30.Ke3 Kf8 31.f4 Rb4 32.fxe5 Rb2 33.Kd2 Rb1 34.e6  1-0

[Event "10th WDB Easter Open"]
[Site "Essen GER"]
[Date "2004.04.08"]
[Round "2"]
[White "Kartsev,S"]
[Black "Stefkovic,Mart"]
[Result "1-0"]
[WhiteElo "2245"]
[BlackElo "2059"]

1.e4 c5 2.Nf3 Nc6 3.Bb5 d6 4.Nc3 e5 5.Ne2 Nf6 6.Ng3 Be7 7.c3 O-O 8.O-O Bg4
9.h3 Be6 10.Re1 Qb6 11.Ba4 Rad8 12.d3 Qc7 13.Qe2 a6 14.Bg5 b5 15.Bc2 Ne8
16.Bxe7 Qxe7 17.a4 b4 18.d4 cxd4 19.cxd4 Nxd4 20.Nxd4 exd4 21.Qxa6 Qc7 22.Bd3 Rc8
23.a5 Nf6 24.Ne2 Ra8 25.Qb5 Qc5 26.a6 Rfb8 27.Qa5 Nd7 28.f4 f6 29.Rec1 Qxa5
30.Rxa5 Nc5 31.Rd1 Nxd3 32.Rxd3 Bc4 33.Rd2 Bxe2 34.Rxe2 Rb6 35.a7 Rb7 36.Rd2 Kf7
37.Rxd4 Ke7 38.Kf2 b3 39.Rd3 g6 40.g4 h6 41.Ra6 Raxa7 42.Rxa7 Rxa7 43.Rxb3 Rc7
44.f5 g5 45.Rc3 Rb7 46.b3 Kd7 47.Kg3 Rb4 48.Re3 Kc6 49.h4 Kc5 50.hxg5 hxg5
51.Kf3 Kd4 52.Ke2 Ke5 53.Kd2 Kf4 54.Rd3 Rb6 55.b4 Kxg4 56.Ke3 Kg3 57.Rd1 Kg2
58.Rb1 Rb5 59.Rb2+ Kg3 60.Rd2 g4 61.Rxd6 Rxb4 62.Rxf6 Rb3+ 63.Kd4 Kf4 64.Rg6 Rb8
65.Kd5 Re8 66.f6 g3 67.f7 Rf8 68.Ke6 Rb8 69.Rg8 Rb6+ 70.Kd5 Rb5+ 71.Kc4  1-0

[Event "FSGM April"]
[Site "Budapest HUN"]
[Date "2004.04.09"]
[Round "7"]
[White "Czebe,A"]
[Black "Muir,A"]
[Result "1-0"]
[WhiteElo "2487"]
[BlackElo "2303"]

1.e4 c5 2.Nf3 Nc6 3.Bb5 g6 4.O-O Bg7 5.c3 Nf6 6.Qa4 O-O 7.d4 cxd4 8.cxd4 a6
9.d5 Na5 10.Bd3 b5 11.Qb4 d6 12.Nd4 Nd7 13.Rd1 Nc5 14.Bc2 Bd7 15.Qe1 Nc4
16.b3 Ne5 17.Bb2 Qb6 18.h3 Rac8 19.Kh1 g5 20.f3 Ng6 21.Qe3 h6 22.Nc3 Be5
23.Nce2 e6 24.g3 exd5 25.f4 Bf6 26.exd5 Bxh3 27.Qf3 Qb7 28.fxg5 Bxg5 29.Nc6 Qd7
30.Qc3 f5 31.Rd4 Bg4 32.Rxg4 fxg4 33.Bxg6 Bf6 34.Ned4 Qg7 35.Bf5 Rxc6 36.dxc6 Bxd4
37.Qxd4 Qxd4 38.Bxd4 Rxf5 39.c7 Rf8 40.Re1 Rc8 41.Re7 Kf8 42.Bf6 d5 43.b4 Nb7
44.Rh7 Ke8 45.Be5 a5 46.a3 axb4 47.axb4 d4 48.Kg1 d3 49.Kf2  1-0

[Event "8th Neckar Open"]
[Site "Deizisau GER"]
[Date "2004.04.09"]
[Round "2"]
[White "Baklan,V"]
[Black "Pitl,G"]
[Result "1-0"]
[WhiteElo "2606"]
[BlackElo "2261"]

1.e4 c5 2.Nf3 Nc6 3.Bb5 d6 4.Bxc6+ bxc6 5.O-O e5 6.c3 Nf6 7.Re1 Bg4 8.d3 Be7
9.Nbd2 O-O 10.h3 Bd7 11.Nf1 Rb8 12.Ng3 Ne8 13.b3 a5 14.Bd2 Bf6 15.Rc1 Ra8
16.Be3 a4 17.b4 a3 18.bxc5 Be6 19.cxd6 Nxd6 20.c4 Qc7 21.Rb1 Rfb8 22.Qc2 Be7
23.Nxe5 Nxe4 24.Nxc6 Qxc6 25.Nxe4 h6 26.Rxb8+ Rxb8 27.Rb1 Rb7 28.Nc3 Bf6
29.Rxb7 Qxb7 30.Nb5 Qd7 31.d4 Be7 32.Qb3 Qb7 33.d5 Bd7 34.Bc1 Qa6 35.Nxa3 Bc5
36.Qb8+ Kh7 37.Qb1+ Kg8 38.Nb5 Qb6 39.Qc2 Qf6 40.Be3 Bf5 41.Qc3 Bxe3 42.Qxf6 Bxf2+
43.Kxf2 gxf6 44.c5  1-0

[Event "8th Neckar Open"]
[Site "Deizisau GER"]
[Date "2004.04.09"]
[Round "3"]
[White "Ardeleanu,A"]
[Black "Eljanov,P"]
[Result "0-1"]
[WhiteElo "2380"]
[BlackElo "2596"]

1.e4 c5 2.Nf3 Nc6 3.Bb5 e6 4.O-O Nge7 5.b3 a6 6.Bxc6 Nxc6 7.Bb2 b5 8.a4 b4
9.d3 d6 10.d4 cxd4 11.Nxd4 Bb7 12.Nf3 e5 13.c4 Be7 14.Nbd2 O-O 15.c5 d5 16.Nxe5 Nxe5
17.Bxe5 Bxc5 18.Qg4 f6 19.Bb2 Qe7 20.Rae1 d4 21.f4 Rac8 22.e5 f5 23.Qg3 a5
24.Rc1 Qe6 25.Rfd1 Rfd8 26.Kh1 Be4 27.Re1 d3 28.Rc4 Bd5 29.Nf3 Bxc4 30.bxc4 h6
31.Rd1 d2 32.h4 Be3 33.Kh2 Qxc4  0-1